<?xml version="1.0" encoding="UTF-8"?>
<record
    xmlns:xsi="http://www.w3.org/2001/XMLSchema-instance"
    xsi:schemaLocation="http://www.loc.gov/MARC21/slim http://www.loc.gov/standards/marcxml/schema/MARC21slim.xsd"
    xmlns="http://www.loc.gov/MARC21/slim">

  <leader>00661nam a22002177a 4500</leader>
  <controlfield tag="005">20240530110958.0</controlfield>
  <controlfield tag="008">221204s2009    au a   f b    000 0 eng d</controlfield>
  <datafield tag="017" ind1=" " ind2=" ">
    <subfield code="a">2008/10/3701</subfield>
  </datafield>
  <datafield tag="020" ind1=" " ind2=" ">
    <subfield code="a">9789957710644</subfield>
  </datafield>
  <datafield tag="040" ind1=" " ind2=" ">
    <subfield code="a">EG-CaGPL</subfield>
    <subfield code="c">EG-CaGPL</subfield>
  </datafield>
  <datafield tag="082" ind1="0" ind2="4">
    <subfield code="2">21</subfield>
    <subfield code="a">671.87</subfield>
    <subfield code="b">&#x642; &#x645;</subfield>
  </datafield>
  <datafield tag="100" ind1="0" ind2=" ">
    <subfield code="a">&#x642;&#x62D;&#x637;&#x627;&#x646; &#x62E;&#x627;&#x641; &#x627;&#x644;&#x62E;&#x632;&#x631;&#x62C;&#x649;</subfield>
  </datafield>
  <datafield tag="245" ind1="1" ind2="0">
    <subfield code="a">&#x645;&#x62A;&#x627;&#x644;&#x648;&#x631;&#x62C;&#x64A;&#x627; &#x627;&#x644;&#x645;&#x633;&#x627;&#x62D;&#x64A;&#x642; /</subfield>
    <subfield code="c">&#x62A;&#x627;&#x644;&#x64A;&#x641; &#x642;&#x62D;&#x637;&#x627;&#x646; &#x62E;&#x627;&#x641; &#x627;&#x644;&#x62E;&#x632;&#x631;&#x62C;&#x649;</subfield>
  </datafield>
  <datafield tag="250" ind1=" " ind2=" ">
    <subfield code="a">&#x637;.1</subfield>
  </datafield>
  <datafield tag="260" ind1=" " ind2=" ">
    <subfield code="a">&#x639;&#x645;&#x627;&#x646; :</subfield>
    <subfield code="b">&#x62F;&#x627;&#x631; &#x62F;&#x62C;&#x644;&#x629;&#x60C;</subfield>
    <subfield code="c">2009</subfield>
  </datafield>
  <datafield tag="300" ind1=" " ind2=" ">
    <subfield code="a">168 &#x635;. &#x61B;</subfield>
    <subfield code="c">24 &#x633;&#x645;.</subfield>
  </datafield>
  <datafield tag="650" ind1="0" ind2="7">
    <subfield code="2">qrmak</subfield>
    <subfield code="a">&#x627;&#x644;&#x633;&#x648;&#x627;&#x626;&#x644;</subfield>
  </datafield>
  <datafield tag="651" ind1=" " ind2=" ">
    <subfield code="2">qrmak</subfield>
  </datafield>
  <datafield tag="942" ind1=" " ind2=" ">
    <subfield code="2">ddc</subfield>
    <subfield code="c">BK</subfield>
  </datafield>
  <datafield tag="999" ind1=" " ind2=" ">
    <subfield code="c">67133</subfield>
    <subfield code="d">67133</subfield>
  </datafield>
  <datafield tag="952" ind1=" " ind2=" ">
    <subfield code="0">0</subfield>
    <subfield code="1">0</subfield>
    <subfield code="4">0</subfield>
    <subfield code="7">0</subfield>
    <subfield code="a">CAI</subfield>
    <subfield code="b">CAI</subfield>
    <subfield code="c">&#x627;&#x644;&#x639;&#x644;&#x648;&#x645; &#x627;&#x644;&#x62A;&#x637;&#x628;&#x64A;&#x642;&#x64A;&#x629;-&#x639;&#x631;&#x628;&#x649;</subfield>
    <subfield code="d">2023-01-11</subfield>
    <subfield code="l">0</subfield>
    <subfield code="o">671.87 &#x642; &#x645;</subfield>
    <subfield code="p">169168</subfield>
    <subfield code="r">2023-01-11 00:00:00</subfield>
    <subfield code="w">2023-01-11</subfield>
    <subfield code="y">BK</subfield>
  </datafield>
</record>
